| 000 | 00541nam a22001937a 4500 | ||
|---|---|---|---|
| 003 | MX-MxUPN | ||
| 005 | 20260512121618.0 | ||
| 008 | 260512s1996 fr| ||||r|||| 000 0 fre d | ||
| 040 |
_aMX-MxUPN _bspa |
||
| 041 | 0 | _afre | |
| 050 | 4 |
_aB20 _bR43 1996 |
|
| 111 | 2 |
_aRecontres philosophiques de l'Unesco _n(2° : _d1996 : _cParís) _959492 |
|
| 245 | 1 | 0 | _aQui sommes-nous? |
| 260 |
_aParis : _bUnesco, _c1996 |
||
| 300 | _a23 páginas | ||
| 650 | 4 |
_aFilosofía _vCongresos _925125 |
|
| 902 | _aVíctorGodínez/120526 | ||
| 942 |
_2lcc _cFOLL |
||
| 999 |
_c215066 _d215066 |
||